Ghanian law of copyright (Record no. 4769)

MARC details
000 -LEADER
fixed length control field 01127nhm a2200205u 4500
020 ## - INTERNATIONAL STANDARD BOOK NUMBER
ISBN 9780992777203
020 ## - INTERNATIONAL STANDARD BOOK NUMBER
ISBN 0992777208
050 ## - CALL NUMBER
Classification number KRX1104
Item number .Am3
100 ## - AUTHOR
Personal name Amegatcher, Andrew O
245 ## - TITLE
Title Ghanian law of copyright
Statement of responsibility, etc Andrew O Amegatcher
250 ## - EDITION
Edition statement Second edition
260 ## - PUBLICATION INFORMATION
Place of publication United Kingdom :
Name of publisher Omega Law Publishers,
Year of publication 2014.
300 ## - DESCRIPTION
Number of Pages xiv, 271 pages ;
Dimensions 22 cm
500 ## - NOTES
General note Includes index <br/>
505 ## - FORMATTED CONTENTS NOTE
Table of Content The origin of copyright<br/>The subject matter of copyright<br/>Qualification for copyright<br/>Case of folklore<br/>Right of Authors<br/>Employed Authors<br/> Duration of Copyright<br/>Free use of Copy Right Work<br/>Abuse of private Copy<br/>Transfer of Copyright<br/>Compulsory Licences<br/>Neighbouring Rights<br/>Collection Societies<br/>The Mechanics of Collective Management of Copyright<br/> Administration Copyright<br/>Infringement of Copyright<br/>Confidential or secret Information<br/>Publishing and the book industry<br/>New Technologies and Copyright<br/>International Copyright<br/>Industrial property supplement<br/><br/><br/> <br/><br/>
650 ## - SUBJECTS
Topical Term Copyright -- Ghana.
650 ## - SUBJECTS
Topical Term Copyright.
650 ## - SUBJECTS
Topical Term Ghana.
942 ## - ADDED ENTRY ELEMENTS (KOHA)
Koha item type Books
Holdings
Withdrawn status Lost status Collection code Home library Current library Shelving location Date acquired Source of acquisition Full call number Accession Number Koha item type
    Reference Methodist University Law Library Methodist University Law Library General Stacks   EPP KRX1104 .Am3 4992 Books
    Reference Methodist University Law Library Methodist University Law Library General Stacks   EPP KRX1104 .Am3 4993 Books
Copyright © 2026  MUG Library